[Event "SVK-ch U16"]
[Site "Tatralandia"]
[Date "2025.05.17"]
[Round "8"]
[White "Bernard, Matthias"]
[Black "Kriscak, Simon"]
[Result "1/2-1/2"]
[WhiteElo "1682"]
[BlackElo "1740"]
[PlyCount "103"]
[EventDate "2025.05.11"]
[EventType "swiss"]
[EventRounds "9"]
[EventCountry "SVK"]
[SourceTitle "CB21_2025"]
[SourceDate "2025.05.21"]
[SourceVersion "1"]
[SourceVersionDate "2025.05.21"]
[SourceQuality "1"]

1. e4 c6 2. d4 d5 3. f3 e6 4. Nc3 Qb6 5. Nge2 Nd7 6. Rb1 c5 7. exd5 cxd4 8. dxe6 fxe6 9. Nxd4 Bc5 10. Nb3 Bf2+ 11. Ke2 Bg1 12. Qe1 Ngf6 13. Bd2 0-0 14. Kd1 Qf2 15. Qxf2 Bxf2 16. Bc4 Ne5 17. Ke2 Bb6 18. Bd3 Bd7 19. Rhe1 Rad8 20. Rbd1 Rfe8 21. Be3 Bc7 22. Kf2 a6 23. Re2 Bc6 24. Red2 Kf7 25. Bg5 Rd7 26. Nc5 Bb6 27. Be3 Rdd8 28. h3 h6 29. Nb3 Bc7 30. a3 Kg8 31. Bd4 Ned7 32. Kf1 Bf4 33. Re2 Nh5 34. Bf2 Kf7 35. Ne4 Bc7 36. Rde1 Nf4 37. Rd2 Nxd3 38. cxd3 Ne5 39. d4 Nc4 40. Rc2 Bb5 41. Kg1 Bb6 42. Nbd2 Na5 43. Nc5 Nc6 44. Nxb7 Nxd4 45. Nxd8+ Rxd8 46. Bxd4 Bxd4+ 47. Kh1 Bd3 48. Rc7+ Kg8 49. Nb3 Bxb2 50. Nc5 Bc4 51. Nxe6 Bxe6 52. Rxe6 1/2-1/2

[Event "SVK-ch U16"]
[Site "Tatralandia"]
[Date "2025.05.12"]
[Round "2"]
[White "Bernard, Matthias"]
[Black "Hamar, Jakub"]
[Result "1-0"]
[WhiteElo "1682"]
[BlackElo "1573"]
[PlyCount "99"]
[EventDate "2025.05.11"]
[EventType "swiss"]
[EventRounds "9"]
[EventCountry "SVK"]
[SourceTitle "CB21_2025"]
[SourceDate "2025.05.21"]
[SourceVersion "1"]
[SourceVersionDate "2025.05.21"]
[SourceQuality "1"]

1. e4 e5 2. Nf3 Nc6 3. Bc4 Nf6 4. Ng5 d5 5. exd5 Na5 6. Bb5+ c6 7. dxc6 bxc6 8. Be2 h6 9. Nf3 e4 10. Ne5 Bd6 11. d4 exd3 12. Nxd3 Qc7 13. h3 0-0 14. Nc3 a6 15. 0-0 c5 16. Be3 Re8 17. Re1 c4 18. Nc1 Rb8 19. Rb1 Bb4 20. Bd2 Rd8 21. Nd3 cxd3 22. Bxd3 Bxc3 23. Bxc3 Bf5 24. Re3 Qb6 25. Qe1 Rd5 26. Re5 Qc5 27. Rxf5 Rxf5 28. Bxf5 Qxf5 29. Bxa5 Qxc2 30. Bc3 Re8 31. Qd1 Qf5 32. Rc1 Ne4 33. Qc2 Qf4 34. Re1 Re6 35. f3 Nxc3 36. Rxe6 Qd4+ 37. Kh1 fxe6 38. bxc3 Qe5 39. Qe4 Qxc3 40. Qxe6+ Kh7 41. Qxa6 Qa1+ 42. Kh2 Qe5+ 43. Kg1 Qa1+ 44. Kf2 Qd4+ 45. Kg3 Qe5+ 46. Kf2 Qb2+ 47. Qe2 Qd4+ 48. Kg3 Qd6+ 49. f4 g5 50. Qe4+ 1-0

[Event "Bratislava exe op 2nd"]
[Site "Bratislava"]
[Date "2024.09.19"]
[Round "6"]
[White "Hoogeveen, Luuk"]
[Black "Bernard, Matthias"]
[Result "1/2-1/2"]
[WhiteElo "1749"]
[BlackElo "1618"]
[PlyCount "36"]
[EventDate "2024.09.14"]
[EventType "swiss"]
[EventRounds "9"]
[EventCountry "SVK"]
[SourceTitle "EXT 2025"]
[Source "ChessBase"]
[SourceDate "2024.10.14"]
[SourceVersion "1"]
[SourceVersionDate "2024.10.14"]
[SourceQuality "1"]

1. e4 e5 2. Nf3 Nf6 3. d3 Nc6 4. g3 h6 5. Bg2 Bc5 6. 0-0 0-0 7. Nxe5 Nxe5 8. d4 Bxd4 9. Qxd4 Nc6 10. Qd1 Re8 11. Re1 d6 12. h3 Be6 13. c3 Qd7 14. Kh2 Rab8 15. Nd2 Nh7 16. f4 f5 17. Qf3 Re7 18. g4 Ng5 1/2-1/2

[Event "SVK-ch U14"]
[Site "Tatralandia"]
[Date "2024.04.11"]
[Round "8"]
[White "Livnansky, Michal"]
[Black "Bernard, Matthias"]
[Result "1-0"]
[WhiteElo "1838"]
[BlackElo "1000"]
[PlyCount "89"]
[EventDate "2024.04.05"]
[EventType "swiss"]
[EventRounds "9"]
[EventCountry "SVK"]
[SourceTitle "CBM 219 Extra"]
[Source "ChessBase"]
[SourceDate "2024.05.31"]
[SourceVersion "1"]
[SourceVersionDate "2024.05.31"]
[SourceQuality "1"]

1. e4 e5 2. Nf3 Nf6 3. Nxe5 d6 4. Nf3 Nxe4 5. Nc3 Nxc3 6. dxc3 Be7 7. Be3 Bg4 8. Be2 Nc6 9. Qd2 a6 10. 0-0-0 Qd7 11. h3 Be6 12. Kb1 0-0-0 13. Nd4 Kb8 14. Nxc6+ Qxc6 15. Bf3 Qd7 16. Qd4 c5 17. Qxg7 Rdg8 18. Qh6 Rg6 19. Qf4 Qc7 20. Qe4 Rd8 21. Bf4 Rd7 22. Rhe1 Qa5 23. c4 Qb6 24. Re3 Kc8 25. Rb3 Qc7 26. Rbd3 f5 27. Qe3 Bxc4 28. R3d2 Bb5 29. Bd5 Rd8 30. Be6+ Bd7 31. Bxd7+ Rxd7 32. g3 Qc6 33. Rd5 Rf6 34. Qd3 Qb5 35. Qxb5 axb5 36. Bg5 Rf7 37. Bxe7 Rfxe7 38. Rxf5 Re6 39. Rfd5 Re2 40. R5d2 Re5 41. b4 cxb4 42. Rxd6 Rf7 43. f4 Re3 44. R1d3 Re2 45. R6d4 1-0

[Event "SVK-ch U14"]
[Site "Tatralandia"]
[Date "2024.04.07"]
[Round "4"]
[White "Bartelt, Tobias"]
[Black "Bernard, Matthias"]
[Result "1/2-1/2"]
[WhiteElo "1573"]
[BlackElo "1000"]
[PlyCount "59"]
[EventDate "2024.04.05"]
[EventType "swiss"]
[EventRounds "9"]
[EventCountry "SVK"]
[SourceTitle "CBM 219 Extra"]
[Source "ChessBase"]
[SourceDate "2024.05.31"]
[SourceVersion "1"]
[SourceVersionDate "2024.05.31"]
[SourceQuality "1"]

1. e4 e5 2. Nf3 Nf6 3. Nc3 Bb4 4. d3 d5 5. exd5 Nxd5 6. Bd2 Nc6 7. Nxd5 Bxd2+ 8. Qxd2 Qxd5 9. Be2 Bf5 10. 0-0 0-0 11. Nh4 Be6 12. Bf3 Qd6 13. Bxc6 Qxc6 14. Rfe1 f6 15. Re3 Rfe8 16. Rae1 Qd6 17. Nf3 c5 18. b3 Bd5 19. Nh4 Qe6 20. Rg3 Re7 21. c4 Bc6 22. f4 Qd7 23. fxe5 Qd4+ 24. Qf2 Qxh4 25. Rxg7+ Rxg7 26. Qxh4 fxe5 27. Re2 Rf8 28. g3 Rg6 29. Rxe5 Rgf6 30. Qg4+ 1/2-1/2